01090nam a2200313Ia 450000500170000000800390001702000180005610000220007424501120009625000220020830000590023049000190028949000150030853400150032365000500033865000540038865000240044265000260046670000510049270000410054394200150058426400280059933600270062733700330065433800280068704000350071508400110075099900150076120220316235950.0141031s2009 ck a g 000 1 spa a97895845167561 aPennypacker, Sara10aClementina cSara Pennypacker ; ilustrado por Marla Frazee ; traducido por María Natalia Paillié Plazas aPrimera edición a146 páginasbilustraciones en blanco y negroc20 cm. aTorre de papel aTorre roja tClementine142LEMBaNovela juvenil estadounidenseySiglo XX142LEMBaLiteratura juvenil estadounidensexSiglo XX142LEMBaHumorvNovela142LEMBaNiñosvNovela1 aPaillié, María Nataliaetraductora91026301 aFrazee, Maríaeilustradora9102631 2loccBKLIT aBogotá bNorma c2009 atextobtxt2rdacontent asin mediaciónbn2rdamedia avolumenbnc2rdacarrier aCO-BoRNBPbspaerdacCO-BoRNBP aN PEN3 c2761d2761